| 000 | 00776nas a2200277 4500 | ||
|---|---|---|---|
| 001 | BR9606515 | ||
| 003 | BR-BrBNA | ||
| 005 | 20231205095400.0 | ||
| 007 | ta | ||
| 008 | 230509b bl.|||p| |||| 00| 00por d | ||
| 040 |
_aBR-BrBNA _bpor _cBiblioteca Nacional de Agricultura |
||
| 041 | _a(Pt) | ||
| 072 | _aF60 | ||
| 100 | 1 | _aBustamante, M. | |
| 100 | 1 | _aOliva, M.A. | |
| 100 | 1 | _aSant'Anna, R. | |
| 100 | 1 | _aLopes, N.F. | |
| 245 | 1 | _aSensibilidade da soja ao fluor | |
| 650 | _aSoja | ||
| 650 | _aFluor | ||
| 650 | _aResposta da Planta | ||
| 650 | _aCrescimento | ||
| 773 | 0 |
_tRevista Brasileira de Fisiologia Vegetal (Brazil) _xISSN 0103-3131 _g(Jul-Dec 1993), v. 5(2) p. 151-157 _wBR9606515 |
|
| 909 |
_a202311 _bLúcia _c55 _dLúcia Elande |
||
| 942 |
_2AGRIS _n0 _cANA |
||
| 999 |
_c150350 _d150350 |
||